000 00570nam a2200193Ia 4500
999 _c6089
_d6089
020 _a8131601501
082 _a305.569 SAH-T
100 _aSah, D.C.
245 0 _aTrapped in poverty: chronic poor in remote tribal areas
260 _aJaipur
_bRawat Publications
_c2008
300 _axii, 212
504 _aincludes bibliography and index
650 _aTribes
_zMadhya Pradesh
650 _aPoverty
_zMadhya Pradesh
650 _aTribes
_vSociological aspects
_zMadhaprades
650 _aTribes
_vEconomic aspects
_zMadhaprades
700 _aBhatt, Ashish
942 _cBK